[Event "Hebraica op 30th"]
[Site "Hebraica"]
[Date "2023.02.11"]
[Round "5"]
[White "Miragaia, Pedro Maddi Damian"]
[Black "Bokhonok, Tatiana dos Santos"]
[Result "1-0"]
[WhiteElo "1754"]
[BlackElo "1505"]
[PlyCount "113"]
[EventDate "2023.02.10"]
[EventType "swiss"]
[EventRounds "7"]
[EventCountry "BRA"]
[SourceTitle "CBM 212 Extra"]
[Source "ChessBase"]
[SourceDate "2023.03.31"]
[SourceVersion "1"]
[SourceVersionDate "2023.03.31"]
[SourceQuality "1"]

1. d4 Nf6 2. Nc3 d5 3. Bf4 c6 4. e3 Bf5 5. f3 e6 6. g4 Bg6 7. h4 h6 8. Bd3 Bxd3 9. Qxd3 Bd6 10. Nge2 Qe7 11. 0-0-0 Nbd7 12. e4 dxe4 13. Nxe4 Bxf4+ 14. Nxf4 Nxe4 15. fxe4 0-0-0 16. Ne2 Qb4 17. a3 Qb6 18. Qc3 Nf6 19. e5 Nxg4 20. Qf3 h5 21. Qxf7 Kb8 22. Rhe1 Rdf8 23. Qxe6 Nf2 24. Rd2 Ne4 25. Rd3 Nf2 26. Rb3 Qa5 27. Nc3 Qd8 28. Qxc6 b6 29. Nd5 Rh6 30. e6 Qc8 31. Qd6+ Ka8 32. Rc3 Qd8 33. Qxd8+ Rxd8 34. e7 Rhh8 35. e8Q Rhxe8 36. Rxe8 Rxe8 37. Nc7+ Kb7 38. Nxe8 Ne4 39. Rc7+ Kb8 40. Rxg7 b5 41. d5 Kc8 42. Re7 Ng3 43. Nf6 Nf5 44. Rh7 Nxh4 45. d6 Ng6 46. d7+ Kd8 47. Rg7 Ne7 48. Rh7 Ng6 49. Rh6 h4 50. Rxg6 h3 51. Rg8+ Ke7 52. d8Q+ Kf7 53. Qe8+ Kxf6 54. Rf8+ Kg7 55. Qe7+ Kg6 56. Qf6+ Kh7 57. Rh8# 1-0

[Event "Hebraica op 30th"]
[Site "Hebraica"]
[Date "2023.02.11"]
[Round "3"]
[White "Parreira, Jose Rodrigo"]
[Black "Bokhonok, Tatiana dos Santos"]
[Result "0-1"]
[WhiteElo "1116"]
[BlackElo "1505"]
[PlyCount "52"]
[EventDate "2023.02.10"]
[EventType "swiss"]
[EventRounds "7"]
[EventCountry "BRA"]
[SourceTitle "CBM 212 Extra"]
[Source "ChessBase"]
[SourceDate "2023.03.31"]
[SourceVersion "1"]
[SourceVersionDate "2023.03.31"]
[SourceQuality "1"]

1. e4 c5 2. Nf3 e6 3. d4 cxd4 4. Nxd4 Nf6 5. Nc3 Nc6 6. a3 a6 7. g3 Be7 8. Bg2 Qc7 9. 0-0 0-0 10. Nxc6 bxc6 11. Qe2 Bb7 12. e5 Nd5 13. Nxd5 cxd5 14. Rb1 Rfc8 15. c4 dxc4 16. Bxb7 Qxb7 17. Bd2 Rab8 18. Rfc1 Qd5 19. Rd1 Qc6 20. Rdc1 Rb3 21. Bc3 Qb5 22. Qd2 Bxa3 23. bxa3 Rxb1 24. Rxb1 Qxb1+ 25. Kg2 Qe4+ 26. f3 Qd3 0-1

[Event "Hebraica op 29th"]
[Site "Hebraica"]
[Date "2022.11.20"]
[Round "4"]
[White "Bokhonok, Tatiana dos Santos"]
[Black "Palatnic, Armando"]
[Result "1/2-1/2"]
[WhiteElo "1468"]
[BlackElo "1800"]
[PlyCount "44"]
[EventDate "2022.11.19"]
[EventType "swiss"]
[EventRounds "5"]
[EventCountry "BRA"]
[SourceTitle "CBM 211 Extra"]
[Source "ChessBase"]
[SourceDate "2023.01.31"]
[SourceVersion "1"]
[SourceVersionDate "2023.01.31"]
[SourceQuality "1"]

1. d4 e6 2. c4 f5 3. Nc3 Nf6 4. Nf3 d5 5. h3 c6 6. Bf4 Be7 7. e3 Nbd7 8. a3 Ne4 9. Nxe4 fxe4 10. Ne5 0-0 11. b4 Nxe5 12. Bxe5 Bd6 13. Bxd6 Qxd6 14. Qc2 Bd7 15. cxd5 exd5 16. Rb1 Rf7 17. Be2 Qg6 18. Rh2 Raf8 19. g4 h5 20. Rg2 hxg4 21. Bxg4 Bxg4 22. hxg4 Qh6 1/2-1/2

[Event "BRA Amateur-ch U2200"]
[Site "Sao Paulo"]
[Date "2022.11.03"]
[Round "1"]
[White "Bokhonok, Tatiana dos Santos"]
[Black "Resende, Lucas B Massucato"]
[Result "0-1"]
[WhiteElo "1468"]
[BlackElo "1834"]
[PlyCount "114"]
[EventDate "2022.11.03"]
[EventType "swiss"]
[EventRounds "7"]
[EventCountry "BRA"]
[SourceTitle "CBM 211 Extra"]
[Source "ChessBase"]
[SourceDate "2023.01.31"]
[SourceVersion "1"]
[SourceVersionDate "2023.01.31"]
[SourceQuality "1"]

1. d4 e6 2. c4 f5 3. Nc3 Nf6 4. Bg5 Be7 5. e3 0-0 6. Nf3 d5 7. Bd3 c6 8. 0-0 h6 9. Bh4 Qe8 10. Ne5 g5 11. Bg3 Ne4 12. Be2 Nxg3 13. hxg3 g4 14. f3 h5 15. fxg4 Bg5 16. Qd2 hxg4 17. Nd3 Nd7 18. Nf4 Kg7 19. Kf2 Rh8 20. Rh1 Nf6 21. Rag1 Bd7 22. Qd1 Rxh1 23. Rxh1 b5 24. cxb5 cxb5 25. Qb3 Bxf4 26. gxf4 Rb8 27. Qb4 a5 28. Qxa5 b4 29. Nb1 g3+ 30. Ke1 Qc8 31. Qc5 Qxc5 32. dxc5 Rc8 33. Rh3 Rxc5 34. Rxg3+ Kf7 35. Kd2 Ne4+ 36. Kd1 Nxg3 37. Bf3 Ne4 38. Bxe4 dxe4 39. Nd2 Rd5 40. Kc2 Ba4+ 41. b3 Bb5 42. Nc4 Rc5 43. Kb2 Bxc4 44. bxc4 Rxc4 45. Kb3 Rc3+ 46. Kxb4 Rxe3 47. a4 Rd3 48. Kb5 e3 49. a5 e2 50. a6 e1Q 51. Kb6 Ra3 52. Kb7 Rxa6 53. Kxa6 Qb4 54. g4 Ke7 55. gxf5 Kd7 56. fxe6+ Kc6 57. e7 Qa4# 0-1

[Event "BRA Amateur-ch U2200"]
[Site "Sao Paulo"]
[Date "2022.11.03"]
[Round "2"]
[White "Rodrigues, Julliano de Araujo"]
[Black "Bokhonok, Tatiana dos Santos"]
[Result "1-0"]
[WhiteElo "1834"]
[BlackElo "1468"]
[PlyCount "75"]
[EventDate "2022.11.03"]
[EventType "swiss"]
[EventRounds "7"]
[EventCountry "BRA"]
[SourceTitle "CBM 211 Extra"]
[Source "ChessBase"]
[SourceDate "2023.01.31"]
[SourceVersion "1"]
[SourceVersionDate "2023.01.31"]
[SourceQuality "1"]

1. e4 c5 2. Nf3 e6 3. d4 cxd4 4. Nxd4 Nf6 5. Nc3 Nc6 6. Ndb5 Bb4 7. a3 Bxc3+ 8. Nxc3 0-0 9. Bc4 d5 10. exd5 exd5 11. Nxd5 Nxd5 12. Qxd5 Re8+ 13. Be3 Qxd5 14. Bxd5 Nd4 15. 0-0-0 Nf5 16. Bf4 h6 17. Rhe1 Rxe1 18. Rxe1 Bd7 19. Bxb7 Re8 20. Rxe8+ Bxe8 21. b4 Nd4 22. Be3 Nb5 23. Kb2 Bd7 24. c4 Nd6 25. Bd5 a6 26. Kb3 Kh7 27. c5 Nb5 28. a4 Nc7 29. Bxf7 g5 30. Bd4 Be6+ 31. Bxe6 Nxe6 32. Kc4 Kg8 33. Be5 Kf7 34. Kd5 a5 35. bxa5 Nd8 36. a6 Ke7 37. a7 Kd7 38. a8Q 1-0

[Event "Pocos de Caldas op"]
[Site "Pocos de Caldas"]
[Date "2022.03.13"]
[Round "5"]
[White "Bokhonok, Tatiana dos Santos"]
[Black "De Souza, Sergio R Rastoldo"]
[Result "1/2-1/2"]
[WhiteElo "1506"]
[BlackElo "1707"]
[PlyCount "104"]
[EventDate "2022.03.11"]
[EventType "swiss"]
[EventRounds "6"]
[EventCountry "BRA"]
[SourceTitle "CBM 207 Extra"]
[Source "ChessBase"]
[SourceDate "2022.05.31"]
[SourceVersion "1"]
[SourceVersionDate "2022.05.31"]
[SourceQuality "1"]

1. d4 Nf6 2. Bf4 d5 3. e3 e6 4. Nf3 c5 5. c3 Nc6 6. Nbd2 Bd6 7. Ne5 0-0 8. Be2 Qc7 9. Bg5 Nxe5 10. dxe5 Bxe5 11. f4 Bd6 12. Bxf6 gxf6 13. Bd3 f5 14. g4 f6 15. Rg1 Rf7 16. Qf3 fxg4 17. h3 Rg7 18. hxg4 Qf7 19. e4 Bd7 20. f5 exf5 21. exd5 fxg4 22. Qg2 Re8+ 23. Kd1 f5 24. Kc2 h5 25. Nc4 Qf6 26. Raf1 f4 27. Qh2 Rg5 28. Nxd6 Qxd6 29. Qxf4 Qxf4 30. Rxf4 Rf8 31. Bh7+ Kg7 32. Rxf8 Kxf8 33. Be4 h4 34. c4 g3 35. Kb3 h3 36. d6 g2 37. Bxb7 h2 38. Rxg2 Rxg2 39. Bxg2 Kg7 40. Kc3 Kf6 41. b4 cxb4+ 42. Kd4 a5 43. c5 a4 44. c6 Ke6 45. Kc5 Bxc6 46. Kxc6 b3 47. d7 bxa2 48. d8Q a1Q 49. Bd5+ Ke5 50. Qe7+ Kf4 51. Qd6+ Qe5 52. Qh6+ Kf5 1/2-1/2

[Event "Pocos de Caldas op"]
[Site "Pocos de Caldas"]
[Date "2022.03.11"]
[Round "2"]
[White "Nunes, Karlesso Santos"]
[Black "Bokhonok, Tatiana dos Santos"]
[Result "0-1"]
[WhiteElo "1696"]
[BlackElo "1506"]
[PlyCount "127"]
[EventDate "2022.03.11"]
[EventType "swiss"]
[EventRounds "6"]
[EventCountry "BRA"]
[SourceTitle "CBM 207 Extra"]
[Source "ChessBase"]
[SourceDate "2022.05.31"]
[SourceVersion "1"]
[SourceVersionDate "2022.05.31"]
[SourceQuality "1"]

1. e4 e6 2. d4 d5 3. Nd2 c5 4. c3 Nc6 5. Bb5 Qb6 6. Bxc6+ bxc6 7. Ngf3 cxd4 8. Nxd4 Bc5 9. N2b3 Bxd4 10. cxd4 Ba6 11. Be3 Bc4 12. e5 Ne7 13. Qc2 Rb8 14. Nd2 Qb4 15. b3 Ba6 16. a3 Qb5 17. Nb1 Qxb3 18. Qxb3 Rxb3 19. Nd2 Rd3 20. 0-0 Nf5 21. Rfb1 0-0 22. Rb3 Nxd4 23. Rxd3 Ne2+ 24. Kh1 Bxd3 25. Bxa7 Ra8 26. Bc5 Ra5 27. Bb4 Rb5 28. Nb3 Bc2 29. Nc5 h6 30. Ra2 Bd1 31. Rd2 Nc3 32. Nd3 Be2 33. Nc1 Na2 34. Nxa2 Bc4 35. Nc3 Rb7 36. h3 f6 37. f4 fxe5 38. fxe5 Rf7 39. Kh2 Rf5 40. Bd6 Rf4 41. Kg3 g5 42. Rf2 d4 43. Nd1 Re4 44. Rd2 d3 45. Nc3 Rf4 46. Rf2 Rd4 47. Rd2 Rf4 48. Bc5 Rf5 49. Bd4 Rf4 50. Rf2 Rxd4 51. Rd2 h5 52. Kf3 Rf4+ 53. Ke3 Rf5 54. Ke4 Rf1 55. Kd4 Ba6 56. Kc5 Rc1 57. Kb4 c5+ 58. Kb3 c4+ 59. Kb4 Re1 60. Ka5 Bb7 61. Kb6 Rc1 62. Nd1 Be4 63. Kc5 c3 64. Rf2 0-1

[Event "Osasco Carvalho Memorial"]
[Site "Osasco"]
[Date "2022.02.20"]
[Round "5"]
[White "Bokhonok, Tatiana dos Santos"]
[Black "Aragao Neto, Joao Batista"]
[Result "1-0"]
[WhiteElo "1355"]
[BlackElo "1651"]
[PlyCount "61"]
[EventDate "2022.02.18"]
[EventType "swiss"]
[EventRounds "6"]
[EventCountry "BRA"]
[SourceTitle "CBM 207 Extra"]
[Source "ChessBase"]
[SourceDate "2022.05.31"]
[SourceVersion "1"]
[SourceVersionDate "2022.05.31"]
[SourceQuality "1"]

1. d4 d5 2. Bf4 Nf6 3. e3 e6 4. Nf3 Be7 5. Ne5 Nbd7 6. Bd3 0-0 7. Nd2 Nxe5 8. dxe5 Ne8 9. Qh5 g6 10. Qh6 f5 11. g4 Rf7 12. gxf5 exf5 13. Rg1 Bf8 14. Qh5 Ng7 15. Qf3 c5 16. Bg5 Be7 17. c4 d4 18. Bxe7 Rxe7 19. Qg3 dxe3 20. Qxe3 Qc7 21. f4 Be6 22. 0-0-0 Rd8 23. Nf3 Qa5 24. Kb1 Red7 25. Ng5 Qb4 26. Qh3 h5 27. Nxe6 Nxe6 28. Rxg6+ Ng7 29. Qxf5 Kh8 30. Rh6+ Kg8 31. Qh7+ 1-0

[Event "Sao Paulo Hebraica op 28th"]
[Site "Sao Paulo"]
[Date "2022.01.15"]
[Round "3"]
[White "Ribeiro, Allysson"]
[Black "Bokhonok, Tatiana dos Santos"]
[Result "1-0"]
[WhiteElo "1818"]
[BlackElo "1359"]
[PlyCount "65"]
[EventDate "2022.01.14"]
[EventType "swiss"]
[EventRounds "6"]
[EventCountry "BRA"]
[SourceTitle "CBM 206 Extra"]
[Source "ChessBase"]
[SourceDate "2022.03.31"]
[SourceVersion "1"]
[SourceVersionDate "2022.03.31"]
[SourceQuality "1"]

1. d4 e6 2. c4 f5 3. g3 Nf6 4. Bg2 d5 5. b3 c6 6. Nh3 Bd6 7. 0-0 Qe7 8. Bb2 Nbd7 9. Nd2 0-0 10. Ng5 Ne4 11. Ngf3 a5 12. a3 b6 13. e3 Ba6 14. Ne5 b5 15. Nxc6 Qf6 16. Rc1 Nxd2 17. Qxd2 bxc4 18. bxc4 Bxc4 19. Rfe1 Bc7 20. Bc3 a4 21. Bb4 Rf7 22. Ne5 Nxe5 23. dxe5 Bxe5 24. Rxc4 dxc4 25. Bxa8 c3 26. Qc2 Ra7 27. Bc6 Rc7 28. Bxa4 Qd8 29. Rd1 Qa8 30. Bb3 Qc6 31. Rd8+ Kf7 32. Qxf5+ Bf6 33. Rf8# 1-0

[Event "Motiva Online Blitz (Women)"]
[Site "Chess.com INT"]
[Date "2021.12.18"]
[Round "13"]
[White "Bokhonok, Tatiana dos Santos"]
[Black "Ghaziolsharif, Kimiya"]
[Result "0-1"]
[WhiteElo "1359"]
[BlackElo "1557"]
[PlyCount "64"]
[EventDate "2021.12.18"]
[EventType "swiss (blitz)"]
[EventRounds "13"]
[EventCountry "USA"]
[SourceTitle "CBM 205 Extra"]
[Source "ChessBase"]
[SourceDate "2022.01.31"]
[SourceVersion "1"]
[SourceVersionDate "2022.01.31"]
[SourceQuality "1"]

1. d4 d5 2. Bf4 c6 3. e3 Bf5 4. c4 Nf6 5. Nc3 e6 6. Qb3 Qd7 7. Nf3 Ne4 8. Ne5 Qe7 9. Be2 f6 10. Nf3 g5 11. Bg3 h5 12. Nd2 Nxd2 13. Kxd2 h4 14. Bxb8 Rxb8 15. h3 Qd7 16. cxd5 exd5 17. Ba6 b5 18. a4 b4 19. Na2 Bd6 20. Rhc1 0-0 21. a5 Bg6 22. Bd3 f5 23. Qa4 Rfc8 24. Ba6 Rc7 25. Rc2 b3 26. Rc3 bxa2 27. Rxa2 Rb4 28. Qa3 Rxd4+ 29. exd4 Bxa3 30. Raxa3 f4 31. Rab3 Kg7 32. Rc5 Qf5 0-1